000 00263nam a22001097a 4500
008 180807b xxu||||| |||| 00| 0 eng d
082 _a813.52
245 _aGovernmental and Nonprofit Annual Update
_cAICPA
260 _c2010
300 _a2
_fCD
942 _2ddc
_cMX
999 _c46893
_d46893